Demonstration farms open gates (Record no. 71901)

MARC details
000 -LEADER
fixed length control field 00832cam a2200193 4500
001 - CONTROL NUMBER
control field WB3901-37
008 - FIXED-LENGTH DATA ELEMENTS--GENERAL INFORMATION
fixed length control field 030109n2003 000 0 eng u
035 ## - SYSTEM CONTROL NUMBER
System control number (Sirsi) u120953
245 ## - TITLE STATEMENT
Title Demonstration farms open gates
260 ## - PUBLICATION, DISTRIBUTION, ETC.
Date of publication, distribution, etc. 2003
490 ## - SERIES STATEMENT
Series statement DEFRA News Release
Volume/sequential designation (3/03) 7 January 2003, (2)
520 ## - SUMMARY, ETC.
Summary, etc. Over 20 farms across England have joined a government funded network of demonstration farms to pool experiences and learn about new methods of farming. The pilot scheme includes monitor farms, farms demonstrating rural integration, and a 'virtual pig farm'. Further information available from www.forwardfarming.org.uk. www.defra.gov.uk/NEWS/2003/030107A.HTM
590 ## - LOCAL NOTE (RLIN)
Local note WB
650 ## - SUBJECT ADDED ENTRY--TOPICAL TERM
Topical term or geographic name entry element FARMING
650 ## - SUBJECT ADDED ENTRY--TOPICAL TERM
Topical term or geographic name entry element DEMONSTRATION FARMS
650 ## - SUBJECT ADDED ENTRY--TOPICAL TERM
Topical term or geographic name entry element SUSTAINABLE FARMING
690 ## - LOCAL SUBJECT ADDED ENTRY--TOPICAL TERM (OCLC, RLIN)
Topical term or geographic name as entry element Rural
9 (RLIN) 6268
942 ## - ADDED ENTRY ELEMENTS (KOHA)
Suppress in OPAC 0
Holdings
Withdrawn status Lost status Source of classification or shelving scheme Damaged status Not for loan Home library Current library Shelving location Date acquired Total Checkouts Full call number Barcode Date last seen Copy number Price effective from Koha item type
    Dewey Decimal Classification     London London News article 09/01/2003   WB3901-37 120953-1001 06/08/2019 1 06/08/2019 News article